Statistics for Archie Comics - Teens 2 (And More)

Click here to take the quiz!

General Stats

  • This quiz has been taken 27 times
  • The average score is 5 of 15

Answer Stats

HintCharacter% Correct
The famous "Teenage Witch"Sabrina Spellman
81%
Name of Archie's Band"The Archies"
81%
Jughead's dogHot Dog
71%
Drummer of "The Pussycats"Melody Valentine
57%
African American guitarist of "The Pussycats"Valerie Brown
57%
A young filmmaker with an Indian backgroundRaj Patel
29%
Betty's Alter-EgoSuperteen
19%
Reggie's Alter-EgoEvilheart
14%
BONUS: Girl with an eyeball for a head from the 50s ComicsEye-da
14%
Latin-American girl originally used to replace CherylGinger Lopez
14%
Young girl who was born on HalloweenLil Jinx Holliday
14%
Original nerdy member of "The Pussycats" replaced by the abovePepper
14%
Archie's Alter-EgoPureheart the Powerful
14%
Sister of the above; hangs out with CherylTina Patel
14%
Jughead's Alter-EgoCaptain Hero
10%

Score Distribution

Percentile by Number Answered

Percent of People with Each Score

Your Score History

You have not taken this quiz